| 000 | 00000nas 2200000zi 4500 |
| 001 | 9.932843 |
| 003 | CaOODSP |
| 005 | 20241203113656 |
| 006 | m o d f |
| 007 | cr ||||||||||| |
| 008 | 240124d19772010oncar p o f0###a0eng|d |
| 040 | |aCaOODSP|beng|erda|cCaOODSP |
| 043 | |an-cn---|an-cn-ab |
| 086 | 1 |aEn38-25E-PDF |
| 245 | 00|aCanada - Alberta Memorandum of Agreement for Water Quantity Surveys annual report / |cEnvironment Canada. |
| 246 | 13|aCanada - Alberta Memorandum of Agreement for Water Quantity Surveys report for fiscal year|f2006/2007-2009/2010 |
| 264 | 1|a[Ottawa] : |b[Environment Canada], |c1977-2011. |
| 310 | |aAnnual |
| 336 | |atext|btxt|2rdacontent |
| 337 | |acomputer|bc|2rdamedia |
| 338 | |aonline resource|bcr|2rdacarrier |
| 362 | 1 |aBegan with: 1976/1977; ceased with: 2009/2010. |
| 500 | |aDigitized edition from print [produced by Environment and Climate Change Canada]. |
| 588 | |aDescription based on: 1976/1977. |
| 588 | |aLatest issue consulted: 2009/2010. |
| 630 | 04|aCanada-Alberta Memorandum of Agreement for Water Quantity Surveys.|vPeriodicals. |
| 650 | 0|aWater-supply|zCanada|xCosts. |
| 650 | 0|aWater-supply|zCanada|vPeriodicals. |
| 650 | 0|aWater-supply|zAlberta|vPeriodicals. |
| 650 | 6|aEau|xApprovisionnement|zCanada|xCoût. |
| 650 | 6|aEau|xApprovisionnement|zCanada|vPériodiques. |
| 650 | 6|aEau|xApprovisionnement|zAlberta|vPériodiques. |
| 655 | 7|aPeriodicals|2lcgft |
| 655 | 7|aPériodiques|2rvmgf |
| 710 | 1 |aCanada. |bEnvironment Canada, |eissuing body. |